| 000 | 00655cam a22002291 4500 | ||
|---|---|---|---|
| 001 | sa 65002160 | ||
| 003 | DLC | ||
| 005 | 20260227112114.0 | ||
| 008 | 900108s1964 ii ac 000 0amaro | ||
| 010 | _asa 65002160 | ||
| 035 | _a(OCoLC)20861726 | ||
| 040 |
_aDLC _cWaU _dNRU _dDLC |
||
| 042 | _apremarc | ||
| 050 | 0 | 0 |
_aS417.P3 _bA3 |
| 100 | 1 |
_aPatil, Pandurang Chimnaji, _d1877- |
|
| 245 | 1 | 0 |
_aMājhyā āṭhavaṇi. _c[Lekhaka] Pan. Ci. Pāṭīla. |
| 250 | _a[Pahilī āvr̥tti] | ||
| 260 |
_aMumbaī, _bMauja Prakāśana Graha _c[1964] |
||
| 300 |
_a20, 368 p. _billus., ports. _c22 cm. |
||
| 500 | _aIn Marathi. | ||
| 500 | _aAutobiographical. | ||
| 999 |
_c62484 _d62484 |
||